Quiz o Piłce Nożnej - Statystyki

Ogólne statystyki
  • Ten quiz został rozwiązany 2 949 razy
  • Średni wynik to 12 z 18
Statystyki odpowiedzi
Pytanie Odpowiedź % Poprawnych
Mistrz Hiszpanii z sezonu 18/19, "zfrajerzył" z The Reds FC Barcelona
97%
Największa sensacja sezonu 18/19, klub z Holandii, pokonał Real Madryt, Juventus, odpadł z Tottenhamem Ajax
82%
Finalista Ligi Europy z sezonu 18/19, klub z niebieskiej części Londynu Chelsea
81%
Kojarzony z "Ręką Boga", narkotykami Diego Maradonna
81%
1 miasto, z którego wystąpią aż 3 kluby w finałach europejskich pucharów to..... Londyn
79%
Ile mamy klubów z Madrytu występujących w La Liga? 3
78%
Jaki numerek ma najnowsza gra piłkarska, Fifa? 19
77%
Najbardziej utytułowany z tych klubów to....... Real Madryt
77%
Czy podobał Ci się quiz? Tak
77%
A ile Gianluigi Buffon? 0
76%
Ile razy Ligę Mistrzów zdobył Ronaldo Nazario? 0
74%
Sensacyjny mistrz Angli, sezon przed skończyli na 14 miejscu w Premier League Leicester City
67%
Sensacyjna wygrana finału Ligi Mistrzów, przydomek pojawił się w jednym z pytań Liverpool
63%
Z jakiego, jednego kraju 1 raz w historii zagrają kluby w finałach europejskich pucharów? Anglia
62%
Z kim derby w lidze gra klub powyżej ? Everton
56%
Najbardziej utytułowany piłkarz świata Dani Alves
34%
Pierwszy mistrz Niemiec, w sezonie 19/20 będzie grał już w Bundeslidze FC Koln
31%
Najlepszy strzelec w historii angielskiej piłki Dixie Dean
1%
Nie znaleziono quizów pasujących do podanych kryteriów
Rozkład punktacji
Procent ludzi z każdym wynikiem
Percentyl według liczby udzielonych odpowiedzi
Twoja historia wyników
Nie rozwiązałeś tego quizu